000
00334nam a2200133Ia 4500
008
151213s9999 xx 000 0 und d
245
_a
1968 Reader's Digest Almend and Yearbook
250
_a
1st
260
_a
U. S. A.
_b
The Reader's Digest
_c
1967
300
_a
3783 p.
650
_a
Reference
650
_a
Reference
999
_c
2495
_d
2495